Capitals of European Monarchies - Statistics

General Stats
  • This quiz has been taken 3,106 times
    2,214 since last reset
  • The average score is 11 of 12
Answer Stats
Country Capital % Correct
United Kingdom London
97%
Spain Madrid
95%
Norway Oslo
95%
Sweden Stockholm
95%
Netherlands Amsterdam
92%
Belgium Brussels
92%
Denmark Copenhagen
92%
Luxembourg Luxembourg
91%
Monaco Monaco
88%
Vatican City Vatican City
86%
Andorra Andorra la Vella
80%
Liechtenstein Vaduz
78%
No matching quizzes found
Score Distribution
Percent of People with Each Score
Percentile by Number Answered
Your Score History
You have not taken this quiz since the last reset